Normal view
MARC view
- المحاكم -- إجراءات المحكمة
Entry Topical Term
001 - CONTROL NUMBER
- control field: 50660
003 - CONTROL NUMBER IDENTIFIER
- control field: JO-AjAnu
005 - DATE AND TIME OF LATEST TRANSACTION
- control field: 20230606082335.0
008 - FIXED-LENGTH DATA ELEMENTS
- fixed length control field: 230606|| aca||aabn | a|a d
040 ## - CATALOGING SOURCE
- Original cataloging agency: JO-AjAnu
- Transcribing agency: JO-AjAnu
150 ## - HEADING--TOPICAL TERM
- Topical term or geographic name entry element: المحاكم -- إجراءات المحكمة
670 ## - SOURCE DATA FOUND
- Source citation: Work cat.: (JO-AjAnu)25897: فراج ، مصطفى محمود, author 50659, الدعاوى وإجراء اتها العملية وفقا لأحداث التعديلات